Les Méchants De Batman - Statistiques

Statistiques générales
  • Ce quiz a été pris 827 fois
  • Le résultat moyen est 11 sur 16
Statistiques - réponses
Par images Réponse % Correct
Joker
98%
Bane
93%
Le Pingouin
88%
Mister Freeze
87%
Poison Ivy
82%
Killer Croc
74%
L'Homme mystère
74%
Man-Bat
71%
Deadshot
66%
Ra's Al Ghul
66%
Deathstroke
65%
Gueule D'argile
62%
Hugo Strange
56%
Zsasz
38%
Anarky
35%
Copperhead
18%
Aucun quiz correspondant
Distribution des résultats
% des personnes avec chaque résultat
Percentile par nombre de réponses
Votre historique - résultats
Vous n’avez pas pris ce quiz